Machine Tool Design/ (Record no. 167048)

MARC details
000 -LEADER
fixed length control field 00465nam a22001817a 4500
005 - DATE AND TIME OF LATEST TRANSACTION
control field 20190820151511.0
010 ## - LCCN (DPL NO)
LC control number B-024054
020 ## - INTERNATIONAL STANDARD BOOK NUMBER
Terms of availability 22.50
035 ## - SYSTEM CONTROL NUMBER
System control number B-024054
100 ## - MAIN ENTRY--PERSONAL NAME
Personal name ACH
245 ## - TITLE STATEMENT
Title Machine Tool Design/
250 ## - EDITION STATEMENT
Edition statement Third
Remainder of edition statement 1982
260 ## - PUBLICATION, DISTRIBUTION, ETC. (IMPRINT)
Place of publication, distribution, etc Russian
Name of publisher, distributor, etc Moscow
Date of publication, distribution, etc 1968
270 ## - ADDRESS
Address NIll
City Russian
300 ## - PHYSICAL DESCRIPTION
Extent 600p.
Other physical details ill
Dimensions 20cm.(Hb.)
600 ## - SUBJECT ADDED ENTRY--PERSONAL NAME
Dates associated with a name English Translation by mir Publishers
942 ## - ADDED ENTRY ELEMENTS (KOHA)
Source of classification or shelving scheme Dewey Decimal Classification
Item type English Books
Classification part 621.382
Call number suffix ACH
Holdings
Withdrawn status Lost status Materials specified (bound volume or other part) Not for loan Collection code Home library Current library Date acquired Cost, normal purchase price Full call number Barcode Copy number Cost, replacement price Koha item type
    Vol-1   Non-fiction Central Library Central Library 20/08/2019 22.50 621.382 ACH B-024054 1 22.50 English Books

© Delhi Public Library
Hit Counter
free hit counter